MDQL
is popping MORE tags! Check the
thread
!
Quizzes
Events
Quiz Creation
Community
Videos
Private Events
Remove Ads
Sign In
Join for FREE
Feedback
Dark Mode
Quiz Categories
Sports
Geography
Music
Movies
Television
Just For Fun
Miscellaneous
History
Literature
Language
Science
Gaming
Entertainment
Religion
Holiday
For Kids
Quiz Lab
Recent
Popular Today
Quiz Kudos Today
Editor Picks
Curator Picks
Quizzes by...
Day
Popularity
Type
Ratings
Length
Year
Community
Subscriptions
Recent Discussions
Orange Saloon
Badges
Playlists
Quests
Create
Leaderboards
Showdown
Live 5
Trivia Bingo
Activity
Puzzle Library
Sporcle Events
Private Events
Virtual Trivia
Globe League
Become a Host
Pub Owners
SporcleCon
Opinionation
Our Games
Videos
Blog
Mobile Apps
Partnerships
Remove Ads and Go Orange
Feedback
Entertainment
Celebrity
Famous
Musical
Broadway
Show
Quote
Comic Books
Anime
Superhero
DC Comics
Marvel
Cartoons
Animation
Entertainment
Celebrity
Famous
Musical
Broadway
Show
Quote
Comic Books
Anime
Superhero
DC Comics
Marvel
Cartoons
Animation
Random Quiz
Search Sporcle
×
Quiz Lab
Quiz Lab
Entertainment
Lyrics
Type in answers that appear in a list
Type in answers that appear in a list
Classic
Best Score? Go Orange.
Red Like Roses Summer Rose's Lyrics Stats
Can you name the Red Like Roses Summer Rose's Lyrics from RWBY?
By
Laurelei_Lee
10m
293 Questions
277 Plays
277 Plays
277 Plays
Comments
Comments
Give Quiz Kudos
Give Quiz Kudos
-
- Ratings
hide this ad
More Info
Replay
Link that replays current quiz
Next Quiz
Link to next quiz in quiz playlist
You Got
0%
They Got
Avg Score
85%
Avg Friend Score
Upgrade to see
Score Distribution
Jump to the score distribution portion of the page
Score
0/293
Timer
10:00
0
Plays Today
% Correct
I
97.8%
I
97.8%
I
97.8%
I
97.8%
I
97.8%
I
97.8%
I
97.8%
I
97.8%
I
97.8%
I
97.8%
I
97.8%
I
97.8%
I
97.8%
I
97.8%
I
97.8%
I
97.8%
I
97.8%
I
97.8%
I
97.8%
I
97.8%
I
97.8%
I
97.8%
I
97.8%
I
97.8%
I
97.8%
I
97.8%
I
97.8%
and
97.1%
a
97.1%
a
97.1%
the
97.1%
and
97.1%
a
97.1%
And
97.1%
the
97.1%
a
97.1%
and
97.1%
the
97.1%
the
97.1%
and
97.1%
a
97.1%
a
97.1%
a
97.1%
a
97.1%
and
97.1%
the
97.1%
and
97.1%
the
97.1%
the
97.1%
the
97.1%
and
97.1%
the
97.1%
and
97.1%
the
97.1%
you
94.6%
you
94.6%
you,
94.6%
you
94.6%
you
94.6%
you
94.6%
you,
94.6%
you.
94.6%
you
94.6%
you
94.6%
you.
94.6%
you
94.6%
you
94.6%
you.
94.6%
you
94.6%
You
94.6%
you
94.6%
you
94.6%
you.
94.6%
to
92.4%
to
92.4%
to
92.4%
to,
92.4%
to
92.4%
to
92.4%
to
92.4%
to
92.4%
it.
92.1%
it
92.1%
it
92.1%
it
92.1%
It
92.1%
could
91.3%
that
91.3%
that
91.3%
that,
91.3%
that
91.3%
that
91.3%
that
91.3%
that
91.3%
could?
91.3%
of
91%
of
91%
do;
91%
% Correct
do
91%
of
91%
do,
91%
of
91%
left
90.6%
in
90.6%
in
90.6%
your
90.6%
in
90.6%
left
90.6%
your
90.6%
on
89.9%
know
89.5%
know
89.5%
know
89.5%
you're
88.8%
did
88.8%
you're
88.8%
you're
88.8%
did
88.8%
did;
88.8%
Red
88.8%
You're
88.8%
red
88.8%
if
88.4%
ever
88.4%
ever
88.4%
no
88.4%
like
88.4%
if
88.4%
like
88.4%
no
88.4%
ever
88.4%
only
88.1%
I'm
88.1%
I'm
88.1%
Roses
88.1%
only
88.1%
roses,
88.1%
sadness;
87.7%
for
87.7%
for
87.7%
me
87.7%
sadness
87.7%
me;
87.7%
me
87.7%
matter
87.7%
matter
87.7%
that's
87.4%
but
87.4%
but
87.4%
but
87.4%
But,
87.4%
that's
87.4%
my
87%
want
86.3%
want
86.3%
minute;
85.6%
would
85.6%
would
85.6%
would
85.6%
now
85.6%
dreams
85.6%
take
85.6%
would.
85.6%
Would
85.6%
now.
85.6%
madness.
85.2%
why
84.8%
fills
84.8%
not
84.8%
world
84.5%
full
84.5%
reasons
83.8%
what
83.8%
what
83.8%
what
83.8%
understand
83%
with
83%
with
83%
place
83%
place
83%
anger
82.7%
make
82.7%
all
82.7%
all
82.7%
talk
82.3%
nothing
82.3%
nothing
82.3%
feel
81.9%
was
81.9%
head
81.9%
always
81.9%
always
81.9%
one
81.6%
thought
81.6%
one
81.6%
made
80.9%
% Correct
made
80.9%
needed
80.9%
needed,
80.9%
home.
80.1%
by
79.8%
by
79.8%
Wish
79.8%
shattered.
79.8%
so
79.8%
so
79.8%
mattered;
79.4%
just
79.1%
don't
79.1%
don't
79.1%
just
79.1%
tell
78.7%
eternity,
78.7%
be
78.7%
please
78.7%
were
78.7%
back
78.3%
nightmare;
78.3%
who
78.3%
nightmare
78.3%
baby,
78%
doesn't
78%
liar,
77.6%
emptiness
77.6%
change
77.6%
vain.
77.3%
closer
76.9%
come
76.9%
down
76.5%
when
76.5%
hard
76.2%
has
76.2%
scatter
76.2%
sacrifice,
75.8%
sacrifice
75.8%
life
75.8%
finds
75.8%
tried
75.5%
broken
75.1%
see
75.1%
fray.
75.1%
had
75.1%
understood.
75.1%
protect
74.7%
failed
74.7%
how,
74.4%
into
74%
didn't
73.6%
bigger
73.6%
thrown
73.3%
forced
73.3%
petals
73.3%
I've
72.9%
there
72.9%
waste
72.9%
okay;
72.6%
blood
71.8%
takes
71.8%
prison
71.5%
never
71.5%
Every
71.5%
it's
71.5%
have
71.1%
pain.
71.1%
as
71.1%
leave
70.4%
alone,
70%
times
70%
jailed
69.7%
This
69.7%
lived
69.7%
much
69.7%
choice,
69%
sure
68.6%
swore
68.6%
there's
68.6%
feared
68.6%
abandonment
68.2%
caused
68.2%
are
67.5%
you've
66.8%
story
66.4%
after,
66.1%
wanna
65.7%
torn,
65.7%
chapter.
65.7%
pages
65.3%
final
65.3%
bedtime
64.6%
misery
64.3%
discloses
63.5%
ends
62.8%
planned
50.5%
Quiz Playlist
Details
Report
Send in Message
Add To Playlist
More Info:
Part 2 of Red Like Roses Part 2, extended version from the soundtrack.
Classic:
Type in answers that appear in a list
Last Updated: Apr 8, 2017
Quiz Scoreboard
CHALLENGE
Sign Up to Join the Scoreboard
Show All
Scores
Hide
Comments
May contain spoilers
Recently Published
1-10 Letter E Words III
by El_Dandy
Language
2m
Street Fighter Characters
by Artimus82
Gaming
60s
College Basketball Coaching Resumes
by pancakes188
Sports
9m
More to Explore
Quiz From the Vault
Featured Blog Post
Where Did the Easter Bunny Come From?
hide this ad
You Might Also Like...
Tags
Lyrics Quiz
Figure Out the Lyrics
Rooster Teeth
RWBY
Today's Top Quizzes in Entertainment
Browse Entertainment
hide this ad
Today's Top Quizzes in Lyrics
Browse Lyrics
Top Contributed Quizzes in Entertainment
1
7-to-1: DC Comics Villains
2
Marvel Characters Bunker
3
Dragon Ball Z: Goku's Fights in Order
4
Eurovision 2023 Logic Puzzle
5
Sorting Pictures: Villains
6
Criteria Quickie: Cartoon Taxonomy II
7
Mini Trivia Sudoku: Musicals
8
7-to-1: One Piece
9
Fictional Villains Letter U Blitz
10
Click the Cartoon Scott
Explore More
Trending Topics
Disney
Marvel
Harry Potter
NBA
Anime
Kpop
Crossword
The Office
Soccer
Country
NFL
Puzzle
Pokémon
WWE
Song
hide this ad
More By:
Laurelei_Lee
Quiz
Plays
Rating
Category
Featured
Created
This Will Be The Day Lyrics
872
5.00
Entertainment
Apr 1, 2017
Red Like Roses Part 1 Lyrics
660
Entertainment
Apr 1, 2017
Time to Say Goodbye Lyrics
614
Entertainment
Apr 1, 2017
I Burn Lyrics
562
3.00
Entertainment
Apr 1, 2017
I May Fall Lyrics
504
5.00
Entertainment
Apr 1, 2017
Go to Creator's Profile
Score Distribution
Quiz Creator Spotlight
Laurelei_Lee
Follow
Send a Message
Quizzes Created
-
Created Quiz Play Count
-
More By This Creator
Popular Quizzes Today
1
Find the US States - No Outlines Minefield
2
Find the Countries of Europe - No Outlines Minefield
3
The Countries of the World
4
Find the US States
5
Risky Map Clicking: Biggest States A-Z
6
US States
7
Popular People in 1961
8
Movies - When Are They Set?
More Entertainment Quizzes
Taps Cast
Quiz Lab
Trending Quizzes
Risky Map Clicking: Least Populous States A-Z
Billboard Blitz: Aretha Franklin
Famous Russians: Author or Composer?
1-10 Letter G Words
Countries of the World: 200 Million BC
Recently Updated
Leaping Animals
pecheneg
Reality TV Shows (A-Z)
bhenderson79
Rickey Henderson's Hall of Fame Teammates
pecheneg
Champions League XIs: Arsenal
pecheneg
Quick Pick: Celebrities in WWE's Hall of Fame
aduchscher
A-Z Keypad Blitz II
pecheneg
Multiple Oscar Actors
pecheneg
Mystery Phrase Blitz: Oscar 'Best Actors'
pecheneg
F. Scott Fitzgerald Novels
LTH
Pick 3 Villains
ddd62291
Trending Topics
Disney
Marvel
Anime
Harry Potter
Crossword
Kpop
NBA
Pokémon
NFL
Country
Puzzle
Song
Soccer
The Office
WWE
Your Account Isn't Verified!
In order to create a playlist on Sporcle, you need to verify the email address you used during registration. Go to your
Sporcle Settings
to finish the process.
Report this User
Report this user for behavior that violates our
Community Guidelines
.
Details:
Send Report
Go to the Sporcle.com Mobile Site →
Comments